| 000 | 00380nam a2200157Ia 4500 | ||
|---|---|---|---|
| 008 | 230917s9999||||xx |||||||||||||| ||und|| | ||
| 040 |
_e159280 _aMAIN |
||
| 041 | _aEnglish | ||
| 082 | _a581.2 A84P(5) | ||
| 100 | _aAgrios, George N | ||
| 245 | 0 | _aPlant pathology | |
| 250 | _a5th ed. | ||
| 260 |
_aAmsterdam _bAcademic Press _c2006 |
||
| 300 | _axxiii p. ; 922 | ||
| 942 | _cBK | ||
| 999 |
_c155678 _d155678 |
||